Online
Catalog

El sistema de distribución y comercialización de fertilizantes en Perú : (Record no. 23413)

MARC details
000 -CABECERA
campo de control de longitud fija 00853nam a2200217 a 4500
001 - NÚMERO DE CONTROL
campo de control 000023917
005 - FECHA Y HORA DE LA ÚLTIMA TRANSACCIÓN
campo de control 20200930022552.0
008 - DATOS DE LONGITUD FIJA--INFORMACIÓN GENERAL
campo de control de longitud fija 110117s1972 mx abc r 000 0 spa d
040 ## - FUENTE DE LA CATALOGACIÓN
Centro catalogador/agencia de origen DO-SdBNP
Lengua de catalogación spa
Centro/agencia transcriptor BNPHU
082 ## - NÚMERO DE LA CLASIFICACIÓN DECIMAL DEWEY
Número de clasificación xxxxx
Número de documento/Ítem C397s
049 ## - FONDOS LOCALES (OCLC)
Fondos de biblioteca BNGR
110 1# - ENTRADA PRINCIPAL--NOMBRE DE ENTIDAD CORPORATIVA
Nombre de entidad corporativa o nombre de jurisdicción como elemento de entrada Centro Regional de Ayuda Técnica.
9 (RLIN) 49164
245 13 - MENCIÓN DE TÍTULO
Título El sistema de distribución y comercialización de fertilizantes en Perú :
Resto del título análisis y recomendaciones /
Mención de responsabilidad, etc. Ray B. Diamond , John E. Culp , Jon L. Nevins , Charles H. Davis.
260 ## - PUBLICACIÓN, DISTRIBUCIÓN, ETC.
Lugar de publicación, distribución, etc. México, D. F. ; :
Nombre del editor, distribuidor, etc. Agencia para el Desarrollo Internacional (A.I.D.),
Fecha de publicación, distribución, etc. 1972.
300 ## - DESCRIPCIÓN FÍSICA
Extensión 134 p. :
Otras características físicas il., mapas., retrs. ;
Dimensiones 28 cm.
500 ## - NOTA GENERAL
Nota general Incluye notas al pie de las páginas.
700 1# - PUNTO DE ACCESO ADICIONAL--NOMBRE DE PERSONA
Nombre de persona Diamond, Ray B.
9 (RLIN) 49211
700 1# - PUNTO DE ACCESO ADICIONAL--NOMBRE DE PERSONA
Nombre de persona Culp, John E.
9 (RLIN) 49212
700 1# - PUNTO DE ACCESO ADICIONAL--NOMBRE DE PERSONA
Nombre de persona Nevins, Jon L.
9 (RLIN) 49213
700 1# - PUNTO DE ACCESO ADICIONAL--NOMBRE DE PERSONA
Nombre de persona Davis, Charles H.
9 (RLIN) 49214
Holdings
Estado de retiro Estado de pérdida Restricciones de uso No para préstamo Código de colección Localización permanente Ubicación/localización actual Ubicación en estantería Fecha de adquisición Número de inventario Total de préstamos Signatura topográfica completa Código de barras Fecha visto por última vez Precio válido a partir de Tipo de ítem Koha Número de copia
        Monografías: Libros y Folletos General General En catalogación 17.01.2011 LF1   xxxxx C397s 23917-10 25.06.2020 25.06.2020 Préstamo en sala  
      Préstamo restrigido Monografías: Libros y Folletos General General En catalogación 17.01.2011 LF1   xxxxx C397s 23917-20 25.06.2020 25.06.2020 Préstamo en sala e. 2
        Monografías: Libros y Folletos General General En catalogación 17.01.2011 LF1   xxxxx C397s 23917-30 25.06.2020 25.06.2020 Préstamo en sala e. 3

Powered by Koha